Magical mind magical body [

Bibliographic Details
Main Author: Chopra, Deepak
Format: Book
Published: Illinois : Nightingale Conant , 1990
Subjects:

MARC

LEADER 00000cam a2200000 7i4500
001 0000001439
002 000001583
005 20000330.0
020 |a T000000223 
090 0 0 |a 128.2   |b CHO 
100 1 |a Chopra, Deepak   |f M.D 
245 1 0 |a Magical mind magical body [  |h kits]   |c Deepak Chopra, M.D 
260 |a Illinois :   |b Nightingale Conant ,   |c 1990 
300 |a 6 sound cassette   |e 1 handbook 
650 0 0 |a Mind-body relationship 
999 |a 00045   |b KASET DAN BUKU PANDUAN   |c KOLEKSI AUDIO VIDEO   |e PERPUSTAKAAN KOMUNITI PETALING JAYA